| 000 | 00418nam a22001697a 4500 | ||
|---|---|---|---|
| 005 | 20180607150107.0 | ||
| 008 | 160429b xxu||||| |||| 00| 0 eng d | ||
| 020 | _a81-8186-035-7 | ||
| 041 | _aeng | ||
| 082 |
_b00920 _a657 |
||
| 100 |
_aGupta S.K. Sengupta N.N. _9258 |
||
| 245 | _aFinancial management | ||
| 260 |
_aMeerut _bVishal Prahasha mandir _c2009 |
||
| 300 | _a455 | ||
| 650 |
_aManagement _9241 |
||
| 942 | _cBK | ||
| 999 |
_c298 _d298 |
||